[Event "IECC Swiss email"]
[Site "IECC email"]
[Date "2001.10.28"]
[Round "?"]
[White "Eden, Malcolm"]
[Black "McArthur, Gabriel"]
[Result "0-1"]
[WhiteElo "996"]
[BlackElo "1585"]
[PlyCount "20"]
[EventDate "2001.??.??"]
[EventType "tourn (corr)"]
[EventRounds "6"]
[SourceTitle "Corr 2008"]
[Source "ChessBase"]
[SourceDate "2008.06.24"]
[SourceVersion "1"]
[SourceVersionDate "2008.06.24"]
[SourceQuality "1"]

1. e4 c5 2. Nc3 Nc6 3. Nf3 d6 4. Bb5 e5 5. d4 cxd4 6. Nd5 a6 7. Be2 Nf6 8. Bg5 Be7 9. Nxf6+ Bxf6 10. Qd2 Bxg5 0-1

[Event "IECG QN.2001.0.00161"]
[Site "IECG email"]
[Date "2001.01.18"]
[Round "?"]
[White "Eden, Malcolm"]
[Black "Whiting, Daniel"]
[Result "1-0"]
[WhiteElo "800"]
[BlackElo "809"]
[PlyCount "23"]
[EventDate "2001.01.18"]
[EventType "tourn (corr)"]
[EventRounds "6"]
[SourceTitle "Corr 2008"]
[Source "ChessBase"]
[SourceDate "2008.06.24"]
[SourceVersion "1"]
[SourceVersionDate "2008.06.24"]
[SourceQuality "1"]

1. d4 e6 2. Nf3 Nf6 3. a3 b6 4. e3 d5 5. Bb5+ c6 6. Ba4 b5 7. Bb3 Ba6 8. 0-0 Bd6 9. Nc3 0-0 10. Ne2 Qc7 11. g3 Nbd7 12. c3 1-0

[Event "IECG QN.2001.0.00161"]
[Site "IECG email"]
[Date "2001.01.18"]
[Round "?"]
[White "Whiting, Daniel"]
[Black "Eden, Malcolm"]
[Result "0-1"]
[WhiteElo "809"]
[BlackElo "800"]
[PlyCount "22"]
[EventDate "2001.01.18"]
[EventType "tourn (corr)"]
[EventRounds "6"]
[SourceTitle "Corr 2008"]
[Source "ChessBase"]
[SourceDate "2008.06.24"]
[SourceVersion "1"]
[SourceVersionDate "2008.06.24"]
[SourceQuality "1"]

1. e4 e6 2. d4 d5 3. Be3 Nf6 4. e5 Ne4 5. f3 Ng5 6. h4 Nxf3+ 7. Nxf3 f6 8. Nbd2 Be7 9. Bd3 0-0 10. c3 Nc6 11. Qc2 a6 0-1